000 00669nam a2200193Ia 4500
003 IN-BaIIA
008 211028s9999 xx s 000 0 eng d
020 _a978-2-7598-0787-1 (Online)
022 _a1633-4760 (Print)
022 _a1638-1963 (Online)
040 _cIIA Library
100 _ade Avillez, Miguel A., ed.
_938226
245 4 _aThe Role of the Disk-Halo Interaction in Galaxy Evolution: Outflow vs. Infall?
_h[eBook]
260 _aFrance
_bEDP Sciences
_c2012
300 _a379p.
490 _aEAS Publications Series
856 _uhttps://www.eas-journal.org/articles/eas/abs/2012/04/contents/contents.html
_yClick Here to Access eBook
942 _cEB
999 _c20650
_d20650